Prehľad metód reanalýzy konštrukcií

Bibliographic Details
Main Author: Bocko, Jozef, 1959- (Author)
Format: Article
Language:Slovak
PhysicalDescription:Res. angl., lit. 40 zázn. v rôz. jaz.
ISSN:0039-2472
Subjects:

MARC

LEADER 00000nab a2200000 a 4500
001 vtls000478094
003 SK-MaSNL
005 20260303160836.0
008 230223c1992 xo 0 slo
015 |a SNBRB19rr/mm-uuuuu 
035 |a CL0478229 
035 |a urn:nbn:sk:snk-abbn8e 
035 |a (urnnbn)urn:nbn:sk:snk:ar-a09us6 
035 |a (uuid)0a53af54-b6c3-4900-a7fe-e7265187ab1e 
040 |a SNKBUCL  |b slo  |c SNKBUCL  |e AACR2 
041 0 |a slo 
044 |a xo  |c SK 
080 |a 539.3/.4.001.24:531.8:519.6  |2 1981 
080 |a 531.8  |2 1981 
080 |a 519.6  |2 1981 
100 1 |a Bocko, Jozef,  |d 1959-  |4 aut  |9 122544 
245 1 0 |a Prehľad metód reanalýzy konštrukcií  |c Jozef Bocko 
300 |b Res. angl., lit. 40 zázn. v rôz. jaz. 
650 0 7 |a konštrukcie  |2 snkbucl  |9 301193 
650 0 7 |a reanalýza konštrukcií  |2 snkbucl  |9 1182262 
655 7 |a články z novín a časopisov  |2 snkbucl  |9 267496 
773 0 |t Strojnícky časopis  |g Roč. 43, č. 3 (1992), s. 268-279  |x 0039-2472 
850 |a Slovenská národná knižnica v Martine  |a MTA001 
852 |a SNK  |b KIS3GCP 
954 |a odborná, vedecká literatúra pôvodná (slovenská)  |2 lita 
958 |a NB 
958 |a RK 
958 |a OND 
958 |a EUIPO 
958 |a article15 
992 |a RBX 
999 |c 2047413  |d 2049343